<?xml version="1.0" encoding="UTF-8"?>
<record
    xmlns:xsi="http://www.w3.org/2001/XMLSchema-instance"
    xsi:schemaLocation="http://www.loc.gov/MARC21/slim http://www.loc.gov/standards/marcxml/schema/MARC21slim.xsd"
    xmlns="http://www.loc.gov/MARC21/slim">

  <leader>00442nam a22001457a 4500</leader>
  <controlfield tag="005">20170619150201.0</controlfield>
  <controlfield tag="008">150616b        xxu||||| |||| 00| 0 eng d</controlfield>
  <datafield tag="082" ind1="0" ind2=" ">
    <subfield code="a">226.6</subfield>
  </datafield>
  <datafield tag="100" ind1="1" ind2=" ">
    <subfield code="a">Wheeler, Andrew C.</subfield>
  </datafield>
  <datafield tag="245" ind1="1" ind2="0">
    <subfield code="a">The church in action :</subfield>
    <subfield code="b">A tee course on the acts of spostles for Sudan</subfield>
    <subfield code="c">Rev. Andrew C. Wheeler</subfield>
  </datafield>
  <datafield tag="260" ind1=" " ind2=" ">
    <subfield code="a">Nairobi</subfield>
    <subfield code="b">Rev. Andrew C. Wheeler</subfield>
    <subfield code="c">c.1993</subfield>
  </datafield>
  <datafield tag="300" ind1=" " ind2=" ">
    <subfield code="a">43 p.</subfield>
  </datafield>
  <datafield tag="700" ind1="1" ind2=" ">
    <subfield code="a">Wheeler, Andrew C.</subfield>
  </datafield>
  <datafield tag="942" ind1=" " ind2=" ">
    <subfield code="2">ddc</subfield>
    <subfield code="c">BK</subfield>
  </datafield>
  <datafield tag="999" ind1=" " ind2=" ">
    <subfield code="c">64384</subfield>
    <subfield code="d">64358</subfield>
  </datafield>
</record>
